|
|
|
|
| LEADER |
00000cam a2200000 c 4500 |
| 001 |
112870403X |
| 003 |
DE-627 |
| 005 |
20220611130839.0 |
| 007 |
tu |
| 008 |
970428s1996 xx ||||| m 00| ||eng c |
| 024 |
8 |
|
|a 9701246
|q Order no.
|
| 035 |
|
|
|a (DE-627)112870403X
|
| 035 |
|
|
|a (DE-576)058704035
|
| 035 |
|
|
|a (DE-599)BSZ058704035
|
| 035 |
|
|
|a (OCoLC)313021703
|
| 040 |
|
|
|a DE-627
|b ger
|c DE-627
|e rakwb
|
| 041 |
|
|
|a eng
|
| 100 |
1 |
|
|a Millender, Michael Jonathan
|4 aut
|
| 245 |
1 |
4 |
|a The transformation of the American criminal trial, 1790 - 1875
|c Michael Jonathan Millender
|
| 264 |
|
1 |
|c 1996
|
| 300 |
|
|
|a VIII, 409 S.
|
| 336 |
|
|
|a Text
|b txt
|2 rdacontent
|
| 337 |
|
|
|a ohne Hilfsmittel zu benutzen
|b n
|2 rdamedia
|
| 338 |
|
|
|a Band
|b nc
|2 rdacarrier
|
| 502 |
|
|
|a Princeton Univ., Diss., 1996
|
| 583 |
1 |
|
|a Archivierung prüfen
|c 20200919
|f DE-640
|z 2
|2 pdager
|
| 655 |
|
7 |
|a Hochschulschrift
|0 (DE-588)4113937-9
|0 (DE-627)105825778
|0 (DE-576)209480580
|2 gnd-content
|
| 951 |
|
|
|a BO
|
| ELC |
|
|
|b 1
|
| LOK |
|
|
|0 000 xxxxxcx a22 zn 4500
|
| LOK |
|
|
|0 001 2304038573
|
| LOK |
|
|
|0 003 DE-627
|
| LOK |
|
|
|0 004 112870403X
|
| LOK |
|
|
|0 005 19980416000000
|
| LOK |
|
|
|0 008 970428||||||||||||||||ger|||||||
|
| LOK |
|
|
|0 040
|a DE-21
|c DE-627
|d DE-21
|
| LOK |
|
|
|0 852
|z Erschienen im Verl. Univ. Microfilms Internat., Ann Arbor, 1997
|
| LOK |
|
|
|0 852
|a DE-21
|
| LOK |
|
|
|0 852 1
|c KB 19 A 5697
|9 00
|
| LOK |
|
|
|0 935
|a krim
|
| LOK |
|
|
|0 936ln
|a k4.6.2.1
|
| LOK |
|
|
|0 939
|a 28-04-97
|b l01
|
| ORI |
|
|
|a SA-MARC-krimdoka001.raw
|